000 00462nam a22001697a 4500
005 20180131145559.0
008 160520b xxu||||| |||| 00| 0 eng d
020 _a978-81-224-2043-2
041 _aeng
082 _b3362
_a004
100 _aRam, B
_9115
245 _aComputer Fundamentals :Architechure & Organization
260 _aNew Delhi
_bNew Age Internation (P) Ltd Pub.
_c1996
300 _a11.12
650 _aInformation Technology
_9137
942 _cBK
999 _c1154
_d1154